| 000 | 01042cam a2200253 i 4500 | ||
|---|---|---|---|
| 003 | SA-RiAUC | ||
| 005 | 20260317132330.0 | ||
| 008 | 260213s1910 sy g c 00000 ara c | ||
| 040 |
_aSA-RiAUC _bara _cSA-RiAUC _erda |
||
| 082 | 0 | 4 | _a234 |
| 090 |
_aم ن 234 _bج م ا |
||
| 100 | 1 |
_aجمال الدين القاسمي، جمال الدين بن محمد سعيد بن قاسم، _d1283-1332 هجري _eمؤلف. |
|
| 245 | 1 | 0 |
_aنقد النصائح الكافية / _cمحمد جمال الدين القاسمي. |
| 246 | 3 | 0 | _aالنصائح الكافية |
| 264 | 1 |
_aدمشق : _b[الناشر غير محدد]، _c1910 |
|
| 264 | 3 |
_a[مكان الطبع غير محدد] : _bمطبعة الفيحاء. |
|
| 300 |
_a48 صفحة ؛ _c29 سم |
||
| 336 |
_aنص _btxt _2rdacontent _3كتاب |
||
| 337 |
_aبدون وسيط _bn _2rdamedia |
||
| 338 |
_aمجلد _bnc _2rdacarrier |
||
| 650 | 7 |
_aالحديث _xالجرح والتعديل _vفهارس _2aucsh |
|
| 942 |
_2ddc _cRBOOK COPY _n0 |
||
| 949 |
_aSA-JeALM _d260213 _umohamedma123 _n1 |
||
| 999 |
_c14677 _d14677 |
||